00956naa a2200181 a 450000100080000000500110000800800410001910000190006024500790007926000090015852004630016765000160063065000120064665000110065870000190066970000200068877300660070811321122022-07-08 2022 bl uuuu u00u1 u #d1 aSCHMITT, D. R. aOs desafios na produ????o de cebolabFitossanidade.h[electronic resource] c2022 aA cebola, Allium cepa L., ?? a terceira hortali??a mais produzida no Brasil, com cerca de 1,5 milh??o de toneladas na safra 2021. Nos ??ltimos 10 anos a produ????o nacional de cebola vem se mantendo praticamente est??vel, contudo, se verifica leve redu????o na ??rea plantada, safra ap??s safra, compensada por um incremento na produtividade m??dia. A estagna????o na produ????o brasileira fez com que ca??ssemos de 10?? para 15?? produtor mundial de cebola. aAllium cepa am??ldio atripes1 aARA??JO, E. R.1 aGEREMIAS, L. D. tCebolas em Revista, Bragan??a Paulistagn. 1, p. 28-31, 2022.